000 00789nam a22002177a 4500
999 _c6445
_d6445
003 AR-CdUCM
008 190315b ||||| |||| 00| 0 spa d
040 _aMUNICIPALIDAD PROVINCIAL DEL CUSCO
_cBIBLIOTECA MUNICIPAL DEL CUSCO
082 _a030 /
_bG79
245 _aEl cantar del Mio Cid :
_bLos mejores libros de la literatura española /
260 _aLima :
_bEditora de Publicaciones Gente,
_c1987.
300 _a128 páginas ;
_c17 cm.
440 _aColección gratuita con la revista Gente (Lima-Perú) por su 3º aniversario.
_n1
_918285
505 _aContenido: El cantar del Mio Cid.
650 _aEl cantar del Mio Cid
_918286
650 _aLiteratura universal
_9611
650 _aSiglo XX
_98
700 _aBanco de la Nación
_918155
942 _2ddc
_cLIBROS
945 _adavv